[Event "Hoogeveen op 25th"]
[Site "Hoogeveen"]
[Date "2022.10.20"]
[Round "7"]
[White "Mol, Christiaan"]
[Black "Wage, Sander"]
[Result "1-0"]
[WhiteElo "1961"]
[BlackElo "1863"]
[PlyCount "77"]
[EventDate "2022.10.15"]
[EventType "swiss"]
[EventRounds "9"]
[EventCountry "NED"]
[SourceTitle "CBM 210 Extra"]
[Source "ChessBase"]
[SourceDate "2022.11.30"]
[SourceVersion "1"]
[SourceVersionDate "2022.11.30"]
[SourceQuality "1"]

1. d4 Nf6 2. c4 g6 3. Nc3 Bg7 4. e4 d6 5. f3 0-0 6. Be3 c5 7. Nge2 Qa5 8. Qd2 Nc6 9. d5 Ne5 10. Nc1 Nfd7 11. Nb3 Qd8 12. Bh6 a6 13. Bxg7 Kxg7 14. f4 Ng4 15. Be2 Ngf6 16. g4 b5 17. g5 Ne8 18. Nd1 Nb6 19. Ne3 bxc4 20. Na5 Bd7 21. h4 Na4 22. Nexc4 Rb8 23. b3 Nb6 24. h5 Nxc4 25. Bxc4 Nc7 26. Qc3+ Kg8 27. hxg6 fxg6 28. Nc6 Bxc6 29. dxc6+ e6 30. 0-0-0 Qe7 31. Rh4 Rbd8 32. Rdh1 Rf7 33. Kb1 d5 34. Bd3 dxe4 35. Bxe4 Nd5 36. Qe5 Rg7 37. Rh6 a5 38. Bxg6 Rxg6 39. Rxg6+ 1-0

[Event "Hoogeveen op 25th"]
[Site "Hoogeveen"]
[Date "2022.10.19"]
[Round "5"]
[White "Lootsma, Jan"]
[Black "Wage, Sander"]
[Result "1-0"]
[WhiteElo "1928"]
[BlackElo "1863"]
[PlyCount "65"]
[EventDate "2022.10.15"]
[EventType "swiss"]
[EventRounds "9"]
[EventCountry "NED"]
[SourceTitle "CBM 210 Extra"]
[Source "ChessBase"]
[SourceDate "2022.11.30"]
[SourceVersion "1"]
[SourceVersionDate "2022.11.30"]
[SourceQuality "1"]

1. e4 c5 2. Nf3 Nc6 3. c3 d5 4. exd5 Qxd5 5. d4 Nf6 6. Be3 cxd4 7. cxd4 e6 8. Nc3 Qd6 9. Qd2 Be7 10. Be2 0-0 11. 0-0 b6 12. a3 Bb7 13. b4 Rfd8 14. Rfd1 Rac8 15. Rac1 h6 16. h3 Nd5 17. Nxd5 Qxd5 18. Qb2 Bf6 19. Bf1 g5 20. Rd2 Kg7 21. Rcd1 h5 22. Ne5 Rh8 23. f4 Qe4 24. Bf2 gxf4 25. Nd7 Qd5 26. Nxf6 Kxf6 27. Be2 Ke7 28. Bh4+ f6 29. Bf3 Qf5 30. d5 Ne5 31. d6+ Kd7 32. Bxb7 Rcg8 33. Qc3 1-0